Vista normal Vista MARC

Entrada Nombre personal

Número de registros utilizados en: 2

001 - NÚMERO DE CONTROL

  • Campo de control: 35145

003 - IDENTIFICADOR DE NÚMERO DE CONTROL

  • Campo de control: OSt

005 - FECHA Y HORA DE LA ULTIMA MODIFICACION

  • Campo de control: 20150622161827.0

008 - ELEMENTOS DE DATOS DE LONGITUD FIJA

  • Campo de longitud fija: 150622|| aca||aabn | a|a d

040 ## - FUENTE DE LA CATALOGACIÓN

  • Agencia original de catalogación: OSt

100 1# - ENCABEZAMIENTO--NOMBRE DE PERSONA

  • Nombre personal: Delgado Pineda, Ronald Francisco

400 1# - TRAZADO VEÁSE--NOMBRE DE PERSONA

  • Nombre personal: Delgado, Francisco

400 1# - TRAZADO VEÁSE--NOMBRE DE PERSONA

  • Nombre personal: Pineda, Ronald

670 ## - FUENTE DE DATOS ENCONTRADOS

  • Fuente de citación: Informe de pasantía realizada en: Ransa Operador Logistico

670 ## - FUENTE DE DATOS ENCONTRADOS

  • Fuente de citación: BMC -22-06-2015